Comprenda la Psicología. Una perspectiva personal. / (Record no. 27210)

MARC details
000 -LEADER
campo de control de longitud fija 00592ntaaa2200181 4500
003 - IDENTIFICADOR DE NÚMERO DE CONTROL
campo de control 01
005 - FECHA Y HORA DE LA ÚLTIMA TRANSACCIÓN
campo de control 20251027203156.0
008 - DATOS DE LONGITUD FIJA--INFORMACIÓN GENERAL
campo de control de longitud fija 0714s1973 ag 01
040 ## - FUENTE DE CATALOGACIÓN
Centro catalogador/agencia de origen AR-BaBN
Lengua de catalogación spa
Centro/agencia transcriptor AR-BaBN
Normas de descripción aacr
Centro/agencia modificador RIC
082 ## - NÚMERO DE LA CLASIFICACIÓN DECIMAL DEWEY
Número de clasificación 150.1 K89c
100 ## - ENTRADA PRINCIPAL--NOMBRE DE PERSONA
Nombre de persona Kristal, Leonard
9 (RLIN) 33263
245 ## - MENCIÓN DEL TÍTULO
Título Comprenda la Psicología. Una perspectiva personal. /
Mención de responsabilidad, etc. Leonard Kristal,,
250 ## - MENCION DE EDICION
Mención de edición 1 ed.
260 ## - PUBLICACIÓN, DISTRIBUCIÓN, ETC.
Lugar de publicación, distribución, etc. Mexico :
Nombre del editor, distribuidor, etc. Editorial Tierra Firme, S.A.,
Fecha de publicación, distribución, etc. 1980
300 ## - DESCRIPCIÓN FÍSICA
Extensión 128 ;
Dimensiones 22.7 cm
500 ## - NOTA GENERAL
Nota general Bibliografía Pp 123-125, Contiene fotografías, indice de lecturas sugeridas, notas.
650 ## - PUNTO DE ACCESO ADICIONAL DE MATERIA--TÉRMINO DE MATERIA
Término de materia o nombre geográfico como elemento de entrada PSICOLOGIA
9 (RLIN) 2648

No items available.